|
|
|
|
| LEADER |
00000cam a2200000 a 4500 |
| 001 |
vtls008401961 |
| 003 |
SK-MaSNL |
| 005 |
20260311150418.0 |
| 008 |
200205q1939 fr 000 0 fre |
| 015 |
|
|
|a SNBA19191938-007153
|
| 035 |
|
|
|a SK01SNKBIKKM20020094178
|
| 035 |
|
|
|a urn:nbn:sk:snk-am3hrku
|
| 035 |
|
|
|a C2B4DA5D-36D3-45DA-AE22-E2085582D571
|
| 035 |
|
|
|a urn:nbn:sk:snk-am00d6s1
|
| 035 |
|
|
|a SKM000096641
|
| 040 |
|
|
|a SNK
|b slo
|c SNK
|e AACR2
|
| 041 |
0 |
|
|a fre
|
| 043 |
|
|
|a e-cs---
|
| 044 |
|
|
|a fr
|c FR
|
| 080 |
|
|
|a 323
|2 1981
|
| 100 |
1 |
|
|a Tarján, Ödön,
|d 1882-1946
|4 aut
|9 170637
|
| 245 |
1 |
0 |
|a Ou va la Tchécoslovaquie?
|b la quistion de la minorité Hongroise
|c Ödön Tarján
|
| 260 |
|
|
|a Toulouse
|b Boisseau
|c [pred 1939]
|
| 300 |
|
|
|a 92 s.
|c 8°
|b 3 mp.
|
| 505 |
0 |
|
|a Jeden príspevok nap. v apríli 1930 v Lučenci
|
| 650 |
0 |
7 |
|a národnostná politika
|2 SNKPH
|9 4656
|
| 650 |
0 |
7 |
|a Maďari
|2 SNKPH
|9 18097
|
| 651 |
|
7 |
|a Československo
|2 SNKPHgeo
|9 21376
|
| 655 |
|
7 |
|a štúdie
|2 SNKPH
|9 57033
|
| 958 |
|
|
|a RK
|
| 958 |
|
|
|a TL
|
| 958 |
|
|
|a FR
|
| 958 |
|
|
|a SP
|
| 958 |
|
|
|a CZ
|
| 958 |
|
|
|a ONDV
|
| 999 |
|
|
|c 1166441
|d 1168371
|
| 952 |
|
|
|a SNK
|b SNK
|y VYP
|7 0
|p 17A1565296
|o snkSC 4220 D1
|i snkF 1426/65
|8 5
|0 0
|1 0
|4 0
|d 2025-02-21
|l 0
|r 2026-02-24 20:50:24
|w 2026-02-24
|
| 952 |
|
|
|a SNK
|b SNK
|y PREZ
|7 0
|p 17A0747901
|o snkSC 4220
|i snk3338/49
|0 0
|1 0
|4 0
|d 2018-11-13
|f 1
|l 0
|r 2025-06-25 00:00:00
|w 2026-02-24
|